Statistics for Countries Where Arabic is Official

Click here to take the quiz!

General Stats

  • This quiz has been taken 36 times
  • The average score is 21 of 23

Answer Stats

Country% Correct
Egypt
100%
Oman
100%
Saudi Arabia
100%
Yemen
100%
Lebanon
97%
Qatar
97%
Syria
97%
United Arab Emirates
97%
Bahrain
94%
Kuwait
94%
Libya
94%
Morocco
94%
Sudan
94%
Tunisia
94%
Algeria
91%
Iraq
91%
Jordan
91%
Somalia
88%
Chad
82%
Djibouti
76%
Mauritania
76%
Comoros
68%
Palestine
35%

Score Distribution

Percentile by Number Answered

Percent of People with Each Score

Your Score History

You have not taken this quiz